Passion (Record no. 88929)

MARC details
000 -LEADER
fixed length control field 00524nam a2200193Ia 4500
008 - FIXED-LENGTH DATA ELEMENTS--GENERAL INFORMATION
fixed length control field 230125s9999 xx 000 0 und d
020 ## - INTERNATIONAL STANDARD BOOK NUMBER
International Standard Book Number 81-7722-853-6
041 ## - LANGUAGE CODE
Language code of text/sound track or separate title eng
082 ## - DEWEY DECIMAL CLASSIFICATION NUMBER
Classification number 920.650
Item number VER
100 ## - MAIN ENTRY--PERSONAL NAME
Personal name Verma Y V
9 (RLIN) 111997
245 ## - TITLE STATEMENT
Title Passion
Remainder of title The Untold Story of LG Electronics India
260 ## - PUBLICATION, DISTRIBUTION, ETC. (IMPRINT)
Date of publication, distribution, etc. 2008
Name of publisher, distributor, etc. Dreamtech press
Place of publication, distribution, etc. New Delhi
300 ## - PHYSICAL DESCRIPTION
Extent 191p
500 ## - GENERAL NOTE
Keywords Company profile;L G Electronics
650 ## - SUBJECT ADDED ENTRY--TOPICAL TERM
Topical term or geographic name as entry element Company Profile
700 ## - ADDED ENTRY--PERSONAL NAME
Personal name Verma Y V
9 (RLIN) 111997
906 ## - LOCAL DATA ELEMENT F, LDF (RLIN)
b 60
Holdings
Withdrawn status Lost status Damaged status Not for loan Home library Current library Date acquired Vendor Cost, normal purchase price Bill number Total Checkouts Full call number Barcode Date last seen Cost, replacement price Bill Date Koha item type Original Barcode
        Smt. Hiraben Nanavati Institute of Management & Research for Women Smt. Hiraben Nanavati Institute of Management & Research for Women 17/05/2008 Bookland 299.00 6972   920.650 VER B06526 HIMR-BK-6526 25/01/2023 239.00 12/05/2008 Books B06526
        Smt. Hiraben Nanavati Institute of Management & Research for Women Smt. Hiraben Nanavati Institute of Management & Research for Women 31/03/2008 Crossword 299.00 C063   920.650 VER B06275 HIMR-BK-6275 25/01/2023 269.00 24/03/2008 Books B06275